Представление документа в формате RUSMARC

ПолеНазваниеЗначение
  Тип записи a
  Библиографический уровень m
001 Контрольный номер UONB/MAIN/4cbd10856d30441781300f8aa5e6e9c3
005 Дата корректировки 20260429174037.3
010 Индекс ISBN __
d Цена 11 к.
9 Тираж 10000 экз.
100 Данные общей обработки __
a Данные общей обработки 20260429d1975 u y0rusy0189## ca
101 Язык документа 0_
a Язык текста rus
102 Страна публикации __
a Страна публикации RU
105 Кодированные данные (монография) __
a Кодированные данные (монография) y z 000cy
200 Заглавие и сведения об ответственности 1_
a Заглавие Будущее без будущего
f Первые сведения об ответственности М. Г. Стуруа
e Сведения, относящиеся к заглавию очерки
203 Вид содержания и тип средства __
a Вид содержания Текст
b Характеристика содержания визуальный
c Тип средства непосредственный
210 Выходные данные 1_
a Место издания Москва
c Издательство Советская Россия
d Дата издания 1975
215 Физическое описание __
a Объем 80 с.
d Формат 17 см
225 Серия 1_
a Серия Писатель и время
300 Общие примечания __
a Общие примечания Сер. указана на обл.
607 Географические рубрики __
a Географическое наименование США
z Хронологический подзаголовок 20 в.
j Формальный подзаголовок Очерки
610 Ключевые слова 0_
a Ключевые слова США; очерки
675 Индекс УДК __
a Индекс УДК 32И(7)(США)
700 Автор _1
a Фамилия Стуруа
b Имя (инициалы) М. Г.
4 Код отношения 070
g Полное личное имя Мэлор Георгиевич
801 Источник записи _0
a Страна RU
b Организация Ульяновская ОНБ
c Дата составления 20260429
g Правила каталогизации RCR
801 Источник записи _1
a Страна RU
b Организация Ульяновская ОНБ
c Дата составления 20260429
g Правила каталогизации RCR
901 Тип документа __
t Тип документа m
909 Создатель записи __
a Создатель записи Шпак
b Дата создания записи 20260429